000 00628nam a2200229Ia 4500
003 OSt
005 20220925210038.0
006 a|||||r|||| 00| 0
007 ta
008 220923b |||||||| |||| 00| 0 eng d
037 _cGeneral Book
040 _aRTL
_cRTL
_beng
041 _2eng
_aeng
082 _an216,N36, G9
110 _aNIZAM'S (Govt)
_9271669
245 0 _aStatistical year book
_b1345 Fasli(1936 A.D.)
260 _aHyderabad
_b#NAME?
_c1939
300 _ax,789p.App.p 762-p789
_ccm.
700 _aNIZAM'S (Govt)
_9271670
942 _hn216,N36, G9
_cGB
_2CC
999 _c553865
_d553865